Statistics for Country Picture Puzzle Game #3

Click here to take the quiz!

General Stats

  • This quiz has been taken 17,173 times
    (17,096 since last reset)
  • The average score is 9 of 17

Answer Stats

Hint Answer % Correct
Bosnia and ___________Herzegovina
87%
Official language of Northern CyprusTurkish
74%
Monte Carlo is a district of this cityMonaco
73%
Capital of the abovePerth
71%
Island shared by Haiti and the Dominican RepublicHispaniola
64%
HIDDEN COUNTRYIran
57%
Common name for the "Republic of China"Taiwan
56%
Hook-shaped cape near BostonCape Cod
56%
Strait between the Pacific and Arctic oceansBering Strait
54%
Westernmost state of AustraliaWestern Australia
53%
Capital of UzbekistanTashkent
41%
River that flows through CincinnatiOhio River
37%
Rapidly evaporating sea between
Kazakhstan and Uzbekistan
Aral Sea
33%
Explorer who "discovered" the Tierra del FuegoFerdinand Magellan
33%
English name for the Huang HeYellow River
31%
Most populous city in CrimeaSevastopol
21%
Biggest Greek peninsulaPeloponnese
20%

Score Distribution

Percentile by Number Answered

Percent of People with Each Score

Your Score History

You have not taken this quiz since the last reset